Sacerdotes para nuestro tiempo / (Record no. 101819)

MARC details
000 -LEADER
campo de control de longitud fija 00629nam a2200193 i 4500
001 - NÚMERO DE CONTROL
campo de control 101819
003 - IDENTIFICADOR DE NÚMERO DE CONTROL
campo de control ES-MaACL
005 - FECHA Y HORA DE LA ÚLTIMA TRANSACCIÓN
campo de control 20230906183003.0
007 - CAMPO FIJO DE DESCRIPCIÓN FÍSICA--INFORMACIÓN GENERAL
campo de control de longitud fija t|
008 - DATOS DE LONGITUD FIJA--INFORMACIÓN GENERAL
campo de control de longitud fija 051026s1965 sp ||||1| spa d
100 1# - ENTRADA PRINCIPAL--NOMBRE DE PERSONA
Nombre de persona Ménager, J.
Títulos y otros términos asociados al nombre Evêque de Meaux.
9 (RLIN) 80063
245 10 - MENCIÓN DEL TÍTULO
Título Sacerdotes para nuestro tiempo /
Mención de responsabilidad, etc. J. Ménager, Joseph Laloux, François Bourdeau; [traducción... por Adelaida Román].
260 ## - PUBLICACIÓN, DISTRIBUCIÓN, ETC.
Lugar de publicación, distribución, etc. Madrid :
Nombre del editor, distribuidor, etc. ZYX,
Fecha de publicación, distribución, etc. 1965.
300 ## - DESCRIPCIÓN FÍSICA
Extensión 136 p. ;
Dimensiones 22 cm.
700 1# - ENTRADA AGREGADA--NOMBRE PERSONAL
Nombre de persona Laloux, Joseph.
9 (RLIN) 69744
700 1# - ENTRADA AGREGADA--NOMBRE PERSONAL
Nombre de persona Bourdeau, François.
9 (RLIN) 30953
700 1# - ENTRADA AGREGADA--NOMBRE PERSONAL
Nombre de persona Román, Adelaida.
9 (RLIN) 99207
852 ## - LOCALIZACIÓN
Ubicación ES-MaACL
Número de control de estantería C-28738
Sublocalización o colección R.58126
Holdings
Estatus retirado Estado de pérdida Estado de daño No para préstamo Biblioteca de origen Biblioteca actual Ubicación en estantería Fecha de adquisición Fuente de adquisición Total de préstamos Signatura topográfica completa Código de barras Visto por última vez Precio de reemplazo Tipo de ítem Koha
        Biblioteca del Ateneo de Madrid Biblioteca del Ateneo de Madrid Depósito 2 17/01/2008     C-28738 1106295 23/02/2023 23/02/2023 Libro impreso